Superbowl Win Count by Team - Statistics

General Stats
  • This quiz has been taken 100 times
  • The average score is 31 of 32
Answer Stats
Team Answer % Correct
Bengals 0
100%
Jets 1
100%
Chiefs 4
100%
Steelers 6
100%
Browns 0
99%
Texans 0
99%
Ravens 2
99%
Colts 2
99%
Eagles 2
99%
Broncos 3
99%
Commanders 3
99%
Patriots 6
99%
Titans 0
98%
Jaguars 0
98%
Bills 0
98%
Chargers 0
98%
Lions 0
98%
Falcons 0
98%
Seahawks 1
98%
Dolphins 2
98%
Buccaneers 2
98%
Packers 4
98%
Giants 4
98%
Cowboys 5
98%
Vikings 0
97%
Panthers 0
97%
Cardinals 0
97%
Saints 1
97%
Rams 2
97%
Raiders 3
97%
49ers 5
97%
Bears 1
95%
No matching quizzes found
Score Distribution
Percent of People with Each Score
Percentile by Number Answered
Your Score History
You have not taken this quiz